000
00204 a2200097 4500
001
17611
100
_a
Conn G R T
245
_a
Essays in physics
260
_a
_b
Academic Press
_c
090
_c
13002
_d
13002
942
_a
NUST-CAE
_c
M
_c
3340
999
_c
252684
_d
252684